• 首页
  • 本馆介绍
  • 公告通知
  • 最新文献
  • 馆藏检索
  • 电子资源
  • 读者导购
  • 参考咨询
  • 我的图书馆
  • 登录
  • 详细信息显示
  • 放入我的书架
  • 预约/预借图书
  • 作者相关作品
  • 分类相关作品
  • 丛书相关作品
  • 出版社相关作品

书目信息

  • 表格格式
  • 工作单格式
  • 卡片格式
题名:
战国日报
    
 
作者: 朱乙丑 著
分册:  
出版信息: 北京   团结出版社  2017
页数: 229页
开本: 23cm
丛书名:
单 册:
中图分类: K231.09
科图分类:
主题词: 中国历史--zhong guo li shi--战国时代--通俗读物
电子资源:
ISBN: 978-7-5126-4732-9
000 00866nam0 2200253 450
001 012001011421
005 20131018094606.0
010    @a978-7-5126-4732-9@dCNY42.00
099    @aCAL 012017073302
100    @a20170428d2017 em y0chiy50 ea
101 0  @achi
102    @aCN@b110000
105    @aa z 000yy
106    @ar
200 1  @a战国日报@Azhan guo ri bao@d= Warring states period daily@f朱乙丑著@zeng
210    @a北京@c团结出版社@d2017
215    @a229页@c图@d23cm
330    @a本书为一本关于战国历史的通俗读物。主要内容包括:商鞅求职一波三折;商鞅在秦国政坛掀起一场完美风暴;秦国最牛官员被五牛分尸等。
510 1  @aWarring states period daily@zeng
606 0  @a中国历史@Azhong guo li shi@z战国时代@j通俗读物
690    @aK231.09@v4
701  0 @a朱乙丑@Azhu yi chou@4著
801  2 @aCN@b上海新华@c20191020
905    @b1183258-61@dK231.09@e34@f4
    
    战国日报= Warring states period daily/朱乙丑著.-北京:团结出版社,2017
    229页:图;23cm
    
    
    ISBN 978-7-5126-4732-9:CNY42.00
    本书为一本关于战国历史的通俗读物。主要内容包括:商鞅求职一波三折;商鞅在秦国政坛掀起一场完美风暴;秦国最牛官员被五牛分尸等。
●
相关链接 在E读中查询图书 在五车中查询图书 在当当中查询图书 在豆瓣中查询图书


正题名:战国日报     索取号:K231.09/34         预约/预借

序号 登录号 条形码 馆藏地/架位号 状态 备注
1 1183258   211832588   第二样本阅览室/ [索取号:K231.09/34] 在馆    
2 1183259   211832597   第二借阅区/ [索取号:K231.09/34] 在馆    
3 1183260   211832604   第二借阅区/ [索取号:K231.09/34] 在馆    
4 1183261   211832613   第二借阅区/ [索取号:K231.09/34] 在馆    
唐山师范学院图书馆 欢迎您!
大连网信软件有限公司© 版权所有